<?xml version="1.0" encoding="UTF-8"?>
<record
    xmlns:xsi="http://www.w3.org/2001/XMLSchema-instance"
    xsi:schemaLocation="http://www.loc.gov/MARC21/slim http://www.loc.gov/standards/marcxml/schema/MARC21slim.xsd"
    xmlns="http://www.loc.gov/MARC21/slim">

  <leader>00968nam a2200193Ia 4500</leader>
  <controlfield tag="001">17645</controlfield>
  <controlfield tag="003">GE_BSU</controlfield>
  <controlfield tag="008">181216s||||||||xx |||||||||||||| ||und||</controlfield>
  <datafield tag="040" ind1=" " ind2=" ">
    <subfield code="c">GE_BSU</subfield>
  </datafield>
  <datafield tag="080" ind1=" " ind2=" ">
    <subfield code="a">721.001(035.5)+624</subfield>
  </datafield>
  <datafield tag="245" ind1=" " ind2=" ">
    <subfield code="a">&#x421;&#x43F;&#x440;&#x430;&#x432;&#x43E;&#x447;&#x43D;&#x438;&#x43A; &#x43F;&#x440;&#x43E;&#x435;&#x43A;&#x442;&#x438;&#x440;&#x43E;&#x432;&#x449;&#x438;&#x43A;&#x430; &#x43F;&#x440;&#x43E;&#x43C;&#x44B;&#x448;&#x43B;&#x435;&#x43D;&#x43D;&#x44B;&#x445;, &#x436;&#x438;&#x43B;&#x44B;&#x445; &#x438; &#x43E;&#x431;&#x449;&#x435;&#x441;&#x442;&#x432;&#x435;&#x43D;&#x43D;&#x44B;&#x445; &#x437;&#x434;&#x430;&#x43D;&#x438;&#x439; &#x438; &#x441;&#x43E;&#x43E;&#x440;&#x443;&#x436;&#x435;&#x43D;&#x438;&#x439;, &#x43C;&#x435;&#x442;&#x430;&#x43B;&#x43B;&#x438;&#x447;&#x435;&#x441;&#x43A;&#x438;&#x435; &#x43A;&#x43E;&#x43D;&#x441;&#x442;&#x440;&#x443;&#x43A;&#x446;&#x438;&#x438; &#x43F;&#x440;&#x43E;&#x43C;&#x44B;&#x448;&#x43B;&#x435;&#x43D;&#x43D;&#x44B;&#x445; &#x437;&#x434;&#x430;&#x43D;&#x438;&#x438; &#x438; &#x441;&#x43E;&#x43E;&#x440;&#x443;&#x436;&#x435;&#x43D;&#x438;&#x438;.</subfield>
  </datafield>
  <datafield tag="245" ind1=" " ind2=" ">
    <subfield code="c">&#x41F;&#x43E;&#x434; &#x440;&#x435;&#x434;. &#x41C;&#x435;&#x43B;&#x44C;&#x43D;&#x438;&#x43A;&#x43E;&#x432;&#x430;,&#x41D;.&#x41F;.</subfield>
  </datafield>
  <datafield tag="260" ind1=" " ind2=" ">
    <subfield code="a">&#x41C;.</subfield>
  </datafield>
  <datafield tag="260" ind1=" " ind2=" ">
    <subfield code="b">&#x413;&#x43E;&#x441;&#x441;&#x442;&#x440;&#x43E;&#x439;&#x438;&#x437;&#x434;&#x430;&#x442;.</subfield>
  </datafield>
  <datafield tag="260" ind1=" " ind2=" ">
    <subfield code="c">1962.</subfield>
  </datafield>
  <datafield tag="300" ind1=" " ind2=" ">
    <subfield code="a">618 &#x441;&#x442;&#x440;. 27 &#x441;&#x43C;.</subfield>
  </datafield>
  <datafield tag="653" ind1=" " ind2=" ">
    <subfield code="a">&#x421;&#x43F;&#x440;&#x430;&#x432;&#x43E;&#x447;&#x43D;&#x438;&#x43A; &#x43F;&#x440;&#x43E;&#x435;&#x43A;&#x442;&#x438;&#x440;&#x43E;&#x432;&#x449;&#x438;&#x43A;&#x430; &#x43F;&#x440;&#x43E;&#x43C;&#x44B;&#x448;&#x43B;&#x435;&#x43D;&#x43D;&#x44B;&#x445;, &#x436;&#x438;&#x43B;&#x44B;&#x445; &#x438; &#x43E;&#x431;&#x449;&#x435;&#x441;&#x442;&#x432;&#x435;&#x43D;&#x43D;&#x44B;&#x445; &#x437;&#x434;&#x430;&#x43D;&#x438;&#x439; &#x438; &#x441;&#x43E;&#x43E;&#x440;&#x443;&#x436;&#x435;&#x43D;&#x438;&#x439;, &#x43C;&#x435;&#x442;&#x430;&#x43B;&#x43B;&#x438;&#x447;&#x435;&#x441;&#x43A;&#x438;&#x435; &#x43A;&#x43E;&#x43D;&#x441;&#x442;&#x440;&#x443;&#x43A;&#x446;&#x438;&#x438; &#x43F;&#x440;&#x43E;&#x43C;&#x44B;&#x448;&#x43B;&#x435;&#x43D;&#x43D;&#x44B;&#x445; &#x437;&#x434;&#x430;&#x43D;&#x438;&#x438; &#x438; &#x441;&#x43E;&#x43E;&#x440;&#x443;&#x436;&#x435;&#x43D;&#x438;&#x438;.</subfield>
  </datafield>
  <datafield tag="942" ind1=" " ind2=" ">
    <subfield code="c">BK</subfield>
  </datafield>
  <datafield tag="999" ind1=" " ind2=" ">
    <subfield code="c">50694</subfield>
    <subfield code="d">50694</subfield>
  </datafield>
  <datafield tag="952" ind1=" " ind2=" ">
    <subfield code="0">0</subfield>
    <subfield code="1">0</subfield>
    <subfield code="4">0</subfield>
    <subfield code="7">0</subfield>
    <subfield code="9">69370</subfield>
    <subfield code="d">2018-12-17</subfield>
    <subfield code="p">10248</subfield>
    <subfield code="r">2018-12-17</subfield>
    <subfield code="w">2018-12-17</subfield>
    <subfield code="y">BK</subfield>
  </datafield>
</record>
